Cyclisme : Les équipes de Mark Cavendish - Statistiques

Statistiques générales
  • Ce quiz a été pris 122 fois
  • Le résultat moyen est 10 sur 20
Statistiques - réponses
Années Pays de l'équipe Réponses % Correct
2023 Kazakhstan Astana Qazaqstan Team
97%
2024 Kazakhstan Astana Qazaqstan Team
97%
2022 Belgique Quick-Step Alpha Vinyl Team
91%
2012 Royaume-Uni Sky Procycling
78%
2020 Bahreïn Bahrain - McLaren
66%
2011 États-Unis HTC - High Road
48%
2010 États-Unis Team HTC - Columbia
48%
2016 Afrique du Sud Team Dimension Data
45%
2017 Afrique du Sud Team Dimension Data
45%
2018 Afrique du Sud Team Dimension Data
45%
2019 Afrique du Sud Team Dimension Data
45%
2013 Belgique Omega Pharma - Quick-Step
41%
2014 Belgique Omega Pharma - Quick-Step
41%
2021 Belgique Deceuninck - Quick Step
39%
2015 Belgique Etixx - Quick Step
39%
2008 États-Unis Team Columbia
33%
2009 États-Unis Team Columbia - HTC
33%
2007 Allemagne T-Mobile Team
27%
2005 Allemagne Team Sparkasse
12%
2006 Allemagne Team Sparkasse
12%
Aucun quiz correspondant
Distribution des résultats
% des personnes avec chaque résultat
Percentile par nombre de réponses
Votre historique - résultats
Vous n’avez pas pris ce quiz